| 000 | 01822cam a2200373 a 4500 | ||
|---|---|---|---|
| 001 | 16033550 | ||
| 003 | OSt | ||
| 005 | 20250709122641.0 | ||
| 008 | 091223s2011 nyua b 001 0 eng | ||
| 010 | _a 2009053310 | ||
| 015 |
_aGBA9A5601 _2bnb |
||
| 016 | 7 |
_a015408046 _2Uk |
|
| 020 | _a9780073530505 (acidfree paper) | ||
| 020 | _a9781259025785 | ||
| 020 | _a1259025785 | ||
| 020 | _a0071220895 (pbk.) | ||
| 035 | _a(OCoLC)ocn463634035 | ||
| 040 |
_aDLC _cDLC _dBTCTA _dUKM _dC#P _dBWX _dCDX _dYDXCP _dDLC |
||
| 050 | 0 | 0 |
_aHD58.7 _b.I89 2011 |
| 082 | 0 | 0 |
_a658.3 _bIVA/O |
| 100 |
_aIvancevich, John M _91504 |
||
| 245 | 1 | 0 |
_aOrganizational behavior and management / _cJohn M. Ivancevich, Robert Konopaske, Michael T. Matteson. |
| 250 | _a9th ed. | ||
| 260 |
_aNew York, NY : _bMcGraw-Hill Irwin, _cc2011. |
||
| 300 |
_axviii, 654 p. : _bill. ; _c26 cm. |
||
| 504 | _aIncludes bibliographical references and indexes. | ||
| 505 | 0 | _aIntroduction to organizational behavior -- Organizational culture -- Individual differences and work behavior -- Perceptions, attributions, and emotions -- Motivation -- Job design, work, and motivation -- Evaluation, feedback, and rewards -- Managing misbehavior -- Managing individual stress -- Groups and teams -- Managing conflict and negotiations -- Power, politics, and empowerment -- Communication -- Decision making -- Leadership -- Organizational structure and design -- Managing organizational change and innovation. | |
| 650 | 0 | _aOrganizational behavior. | |
| 700 | 1 |
_aKonopaske, Robert _91606 |
|
| 700 | 1 |
_aMatteson, Michael T. _91607 |
|
| 906 |
_a7 _bcbc _corignew _d1 _eecip _f20 _gy-gencatlg |
||
| 942 |
_2ddc _cBK _h658.3 _iIVA/O _k658.3 _mIVA/O |
||
| 999 |
_c7975 _d7975 |
||